[Event "Rio de Janeiro Brazil op"]
[Site "Rio de Janeiro"]
[Date "2010.02.22"]
[Round "6"]
[White "Kubrusly, Jose Cristovam"]
[Black "Santiago, Yago de Moura"]
[Result "1/2-1/2"]
[WhiteElo "2226"]
[BlackElo "2256"]
[PlyCount "101"]
[EventDate "2010.02.19"]
[EventType "swiss"]
[EventRounds "6"]
[EventCountry "BRA"]
[SourceTitle "CBM 134 Extra"]
[Source "ChessBase"]
[SourceDate "2010.03.03"]
[SourceVersion "1"]
[SourceVersionDate "2010.03.03"]
[SourceQuality "1"]

1. Nf3 Nf6 2. c4 g6 3. Nc3 Bg7 4. g3 0-0 5. Bg2 d6 6. d4 Nbd7 7. 0-0 e5 8. e4 exd4 9. Nxd4 a6 10. Be3 Rb8 11. h3 Re8 12. Qc2 c5 13. Nde2 b5 14. Rad1 Bf8 15. b3 bxc4 16. bxc4 Qc7 17. Nf4 Nb6 18. Qd3 Bb7 19. Nfd5 Bxd5 20. cxd5 Ra8 21. f4 Nfd7 22. Bf2 Ra7 23. Qc2 Rb8 24. Rfe1 Bg7 25. Ne2 Nc8 26. Rb1 Rab7 27. Rb3 Rxb3 28. axb3 Qb6 29. Rb1 a5 30. Qa2 Qb5 31. Re1 Ncb6 32. Bf1 Qb4 33. Nc1 Bd4 34. Nd3 Bxf2+ 35. Kxf2 Qd4+ 36. Kg2 a4 37. Nf2 Qb4 38. Re3 a3 39. Rd3 Ra8 40. Rd1 Nf6 41. Bd3 Ne8 42. Ra1 Nc7 43. Qc2 Nc8 44. Bc4 Na7 45. Nd3 Qa5 46. e5 Nab5 47. exd6 Nxd6 48. Ne5 Nf5 49. Qc1 Nd4 50. f5 a2 51. d6 1/2-1/2

[Event "Rio de Janeiro Brazil op"]
[Site "Rio de Janeiro"]
[Date "2010.02.21"]
[Round "5"]
[White "Mourao, Igor AC Lofredo"]
[Black "Kubrusly, Jose Cristovam"]
[Result "0-1"]
[WhiteElo "2053"]
[BlackElo "2226"]
[PlyCount "112"]
[EventDate "2010.02.19"]
[EventType "swiss"]
[EventRounds "6"]
[EventCountry "BRA"]
[SourceTitle "CBM 134 Extra"]
[Source "ChessBase"]
[SourceDate "2010.03.03"]
[SourceVersion "1"]
[SourceVersionDate "2010.03.03"]
[SourceQuality "1"]

1. d4 e6 2. Nf3 b5 3. g3 Bb7 4. Bg2 c5 5. c3 Nf6 6. 0-0 Qb6 7. Re1 Be7 8. Bf4 0-0 9. Nbd2 cxd4 10. cxd4 Nd5 11. Nb3 Nxf4 12. gxf4 d6 13. Qd2 a5 14. e4 Nd7 15. Qe3 Rfe8 16. Bh3 Nf6 17. Nfd2 g6 18. Nc1 Bf8 19. Nd3 Bh6 20. Bg2 Rab8 21. Rec1 Qd8 22. Bf3 e5 23. dxe5 dxe5 24. Qe2 exf4 25. Nc5 Nd7 26. Nxd7 Qxd7 27. Nb3 Qe7 28. Nxa5 Bxe4 29. Bxe4 Qxe4 30. Qxe4 Rxe4 31. Re1 Rbe8 32. Kf1 Bg7 33. Rab1 Rxe1+ 34. Rxe1 Ra8 35. b4 Bc3 36. Rb1 Bxb4 37. Rxb4 Rxa5 38. Rxf4 Rxa2 39. Rb4 Ra5 40. Ke2 Kf8 41. Kd3 Ra3+ 42. Ke2 Rh3 43. Rxb5 Rxh2 44. Kf3 Kg7 45. Rb6 Rh5 46. Kg3 Rg5+ 47. Kh3 Rc5 48. Kg3 h6 49. f3 Rc4 50. Ra6 g5 51. Rb6 h5 52. Rb3 Kg6 53. Rb6+ f6 54. Rb3 Rc2 55. Ra3 h4+ 56. Kh3 Rf2 0-1

[Event "Rio de Janeiro Maravilhosa I"]
[Site "Rio de Janeiro"]
[Date "2009.01.30"]
[Round "5.2"]
[White "Kubrusly, Jose Cristovam"]
[Black "Guimaraes, Wagner Peixoto"]
[Result "0-1"]
[WhiteElo "2234"]
[BlackElo "2253"]
[PlyCount "68"]
[EventDate "2009.01.22"]
[EventType "swiss"]
[EventRounds "6"]
[EventCountry "BRA"]
[SourceTitle "EXT 2022"]
[Source "ChessBase"]
[SourceDate "2021.10.06"]
[SourceVersion "1"]
[SourceVersionDate "2021.10.06"]
[SourceQuality "1"]

1. Nf3 Nf6 2. c4 g6 3. b3 Bg7 4. Bb2 0-0 5. e3 c5 6. Be2 b6 7. 0-0 Bb7 8. d3 d6 9. Nbd2 e5 10. Qc2 Nc6 11. a3 h6 12. Bc3 Re8 13. Rab1 Nd4 14. Bxd4 exd4 15. e4 d5 16. cxd5 Nxd5 17. Rfe1 Nc3 18. Ra1 g5 19. h3 f5 20. Bf1 g4 21. Nh2 Qg5 22. g3 h5 23. Bg2 f4 24. hxg4 fxg3 25. Nhf3 gxf2+ 26. Kxf2 Rf8 27. gxh5 Be5 28. Kg1 Qxh5 29. Nxe5 Qxe5 30. Nc4 Qg3 31. Qd2 Rf4 32. Nd6 Rh4 33. Nf5 Qh2+ 34. Kf1 Rf4+ 0-1

[Event "Rio de Janeiro Maravilhosa I"]
[Site "Rio de Janeiro"]
[Date "2009.01.29"]
[Round "4.3"]
[White "Ferreira, Kleber Victor"]
[Black "Kubrusly, Jose Cristovam"]
[Result "0-1"]
[WhiteElo "2099"]
[BlackElo "2234"]
[PlyCount "67"]
[EventDate "2009.01.22"]
[EventType "swiss"]
[EventRounds "6"]
[EventCountry "BRA"]
[SourceTitle "EXT 2022"]
[Source "ChessBase"]
[SourceDate "2021.10.06"]
[SourceVersion "1"]
[SourceVersionDate "2021.10.06"]
[SourceQuality "1"]

1. e4 c6 2. d4 d5 3. Nc3 dxe4 4. Bc4 Nf6 5. f3 Nbd7 6. Nxe4 Nb6 7. Bb3 Bf5 8. Ng3 Bg6 9. N1e2 e6 10. 0-0 Be7 11. c4 0-0 12. Nf4 Qc7 13. Nxg6 hxg6 14. Be3 c5 15. Qe2 Rfd8 16. dxc5 Bxc5 17. Rac1 Nbd7 18. Rfd1 Qb6 19. Nf1 a5 20. Ba4 Ne5 21. Bxc5 Qxc5+ 22. Ne3 g5 23. Kf1 b6 24. Rxd8+ Rxd8 25. Rd1 Rd4 26. Rxd4 Qxd4 27. Bc2 g6 28. Bb1 g4 29. fxg4 Nfxg4 30. Nxg4 Nxg4 31. Bd3 Nxh2+ 32. Ke1 Ng4 33. a3 Ne5 34. Kd2 0-1

[Event "Rio de Janeiro Maravilhosa I"]
[Site "Rio de Janeiro"]
[Date "2009.01.23"]
[Round "2.2"]
[White "Chaves, Jorge Antonio Torre"]
[Black "Kubrusly, Jose Cristovam"]
[Result "1/2-1/2"]
[WhiteElo "2067"]
[BlackElo "2234"]
[PlyCount "22"]
[EventDate "2009.01.22"]
[EventType "swiss"]
[EventRounds "6"]
[EventCountry "BRA"]
[SourceTitle "EXT 2022"]
[Source "ChessBase"]
[SourceDate "2021.10.06"]
[SourceVersion "1"]
[SourceVersionDate "2021.10.06"]
[SourceQuality "1"]

1. d4 e6 2. c4 Nf6 3. Nc3 Bb4 4. Qc2 d5 5. e3 c5 6. Nf3 0-0 7. a3 Bxc3+ 8. Qxc3 Ne4 9. Qc2 Qa5+ 10. Bd2 Nxd2 11. Qxd2 Qxd2+ 1/2-1/2

[Event "Rio de Janeiro Andrade op"]
[Site "Rio de Janeiro"]
[Date "2008.05.31"]
[Round "7"]
[White "Lima, Darcy Gustavo Macha"]
[Black "Kubrusly, Jose Cristovam"]
[Result "1-0"]
[WhiteElo "2479"]
[BlackElo "2221"]
[PlyCount "61"]
[EventDate "2008.04.22"]
[EventType "swiss"]
[EventRounds "7"]
[EventCountry "BRA"]
[SourceTitle "EXT 2009"]
[Source "ChessBase"]
[SourceDate "2008.11.26"]
[SourceVersion "1"]
[SourceVersionDate "2008.11.26"]
[SourceQuality "1"]

1. e4 e6 2. d4 d5 3. Nd2 c5 4. exd5 exd5 5. Ngf3 Nc6 6. Bb5 Bd6 7. 0-0 Nge7 8. c4 0-0 9. dxc5 Bxc5 10. Nb3 Bd6 11. c5 Bc7 12. Bg5 f6 13. Bh4 Nf5 14. Bg3 Nxg3 15. hxg3 Be5 16. Qd2 a6 17. Ba4 Be6 18. Rfe1 Qc7 19. Nbd4 Nxd4 20. Nxd4 Bf7 21. Rac1 b6 22. b4 bxc5 23. bxc5 Rab8 24. f4 Bxd4+ 25. Qxd4 Rfd8 26. Kh2 Qa5 27. a3 Rb7 28. Re3 Rc7 29. Rec3 Rdc8 30. Bc2 Rd8 31. Bf5 1-0

[Event "Rio de Janeiro Andrade op"]
[Site "Rio de Janeiro"]
[Date "2008.04.22"]
[Round "1"]
[White "Kubrusly, Jose Cristovam"]
[Black "Ferreira, Jose Carlos"]
[Result "1-0"]
[WhiteElo "2221"]
[BlackElo "2037"]
[PlyCount "101"]
[EventDate "2008.04.22"]
[EventType "swiss"]
[EventRounds "7"]
[EventCountry "BRA"]
[SourceTitle "EXT 2009"]
[Source "ChessBase"]
[SourceDate "2008.11.26"]
[SourceVersion "1"]
[SourceVersionDate "2008.11.26"]
[SourceQuality "1"]

1. c4 Nf6 2. Nc3 d5 3. cxd5 Nxd5 4. d4 g6 5. Bd2 Bg7 6. e4 Nxc3 7. Bxc3 0-0 8. Nf3 Bg4 9. Be2 Nd7 10. Rc1 c6 11. 0-0 e6 12. Qc2 Bh6 13. Rcd1 Nb6 14. a4 Qb8 15. Ne5 Bxe2 16. Qxe2 Qc8 17. Bb4 Re8 18. Qf3 f5 19. a5 Nd7 20. Nc4 Bf8 21. Qb3 c5 22. dxc5 Nxc5 23. Bxc5 Qxc5 24. exf5 gxf5 25. Rd7 Re7 26. Rxb7 Rc8 27. Rxe7 Bxe7 28. Qg3+ Kf8 29. b3 Qc7 30. Qe3 Qd7 31. Re1 Bb4 32. Qxe6 Qxe6 33. Rxe6 Bxa5 34. Rf6+ Kg7 35. Rxf5 Bb6 36. g4 Bc5 37. Kg2 Be7 38. Kg3 Rd8 39. Rf3 Rd1 40. Kg2 Ra1 41. Rd3 Ra2 42. h3 Bc5 43. Rd2 Ra1 44. Rd5 Bb4 45. h4 Ra2 46. Rd3 a5 47. Ne3 Be1 48. Nf5+ Kf6 49. Rf3 Kg6 50. h5+ Kg5 51. Kg3 1-0

[Event "Rio de Janeiro Ferreira Memorial"]
[Site "Rio de Janeiro"]
[Date "2007.11.10"]
[Round "7"]
[White "Kubrusly, Jose Cristovam"]
[Black "De Asis Dirceu, Viana Jr"]
[Result "1/2-1/2"]
[WhiteElo "2247"]
[BlackElo "2266"]
[PlyCount "25"]
[EventDate "2007.10.20"]
[EventType "tourn"]
[EventRounds "11"]
[EventCountry "BRA"]
[SourceTitle "EXT 2009"]
[Source "ChessBase"]
[SourceDate "2008.11.26"]
[SourceVersion "1"]
[SourceVersionDate "2008.11.26"]
[SourceQuality "1"]

1. d4 d6 2. c4 e5 3. Nc3 exd4 4. Qxd4 Nf6 5. Nf3 Be7 6. b3 0-0 7. Bb2 Nc6 8. Qd2 a5 9. e3 a4 10. Nxa4 Ne4 11. Qd5 Nf6 12. Qd2 Ne4 13. Qd5 1/2-1/2

[Event "Rio de Janeiro CXG"]
[Site "Rio de Janeiro"]
[Date "2007.09.12"]
[Round "8"]
[White "Kubrusly, Jose Cristovam"]
[Black "Maia, Marco Aurelio Ferre"]
[Result "1/2-1/2"]
[WhiteElo "2247"]
[BlackElo "2140"]
[PlyCount "59"]
[EventDate "2007.09.05"]
[EventType "tourn"]
[EventRounds "9"]
[EventCountry "BRA"]
[EventCategory "3"]
[SourceTitle "CBM 120 Extra"]
[Source "ChessBase"]
[SourceDate "2007.11.01"]
[SourceVersion "1"]
[SourceVersionDate "2007.11.01"]
[SourceQuality "1"]

1. e4 c5 2. Nf3 d6 3. Bb5+ Bd7 4. Bxd7+ Qxd7 5. 0-0 Nc6 6. c3 Nf6 7. d4 Nxe4 8. d5 Ne5 9. Re1 Nxf3+ 10. Qxf3 Nf6 11. Nd2 e5 12. dxe6 fxe6 13. Qh3 e5 14. Qg3 Be7 15. b4 cxb4 16. cxb4 0-0 17. Qb3+ Kh8 18. Nf3 e4 19. Ng5 d5 20. Bb2 Qf5 21. Nh3 Bd6 22. Rad1 Be5 23. Bxe5 Qxe5 24. f3 Rac8 25. fxe4 dxe4 26. Qe3 Ng4 27. Qg3 Qxg3 28. hxg3 e3 29. Rd4 Ne5 30. Rxe3 1/2-1/2

[Event "Rio de Janeiro CXG"]
[Site "Rio de Janeiro"]
[Date "2007.09.10"]
[Round "5"]
[White "Chauca, Jose Luis Murga"]
[Black "Kubrusly, Jose Cristovam"]
[Result "1-0"]
[WhiteElo "2133"]
[BlackElo "2247"]
[PlyCount "105"]
[EventDate "2007.09.05"]
[EventType "tourn"]
[EventRounds "9"]
[EventCountry "BRA"]
[EventCategory "3"]
[SourceTitle "CBM 120 Extra"]
[Source "ChessBase"]
[SourceDate "2007.11.01"]
[SourceVersion "1"]
[SourceVersionDate "2007.11.01"]
[SourceQuality "1"]

1. e4 e6 2. d4 d5 3. Nd2 c5 4. Ngf3 Nc6 5. exd5 exd5 6. Bb5 Bd6 7. 0-0 Nge7 8. dxc5 Bxc5 9. Nb3 Bd6 10. h3 0-0 11. c3 Qc7 12. Nbd4 Bd7 13. Bd3 Nxd4 14. Nxd4 a6 15. Re1 Rfe8 16. Bd2 Rad8 17. Qc2 Ng6 18. a3 Bc5 19. Bg5 Rc8 20. Be3 Bd6 21. Re2 Qd8 22. Rae1 Bc5 23. Nf3 Bxe3 24. Rxe3 Qf6 25. Rxe8+ Bxe8 26. Bf5 Rd8 27. Bxg6 hxg6 28. Nd4 Qd6 29. Qd2 Qf6 30. Re3 Bd7 31. Nf3 Be6 32. Qd4 Qxd4 33. Nxd4 Bd7 34. Kf1 Kf8 35. Ke2 Rc8 36. Kd3 Rc4 37. Re5 Rc5 38. b4 f6 39. Re6 Rc7 40. Rd6 Ke7 41. Rxd5 b6 42. c4 Be8 43. c5 b5 44. Rd6 Ra7 45. Rb6 Bd7 46. Ke4 Kd8 47. Rb8+ Kc7 48. Rg8 Bc6+ 49. Ke3 Bxg2 50. Rxg7+ Kb8 51. Rg8+ Kc7 52. Rxg6 Bd5 53. Rg7+ 1-0

[Event "Brasilia BCX op 6th"]
[Site "Brasilia"]
[Date "2002.08.31"]
[Round "9"]
[White "Caldeira, Adriano"]
[Black "Kubrusly, Jose Cristovam"]
[Result "1-0"]
[WhiteElo "2334"]
[BlackElo "2255"]
[PlyCount "97"]
[EventDate "2002.08.25"]
[EventType "swiss"]
[EventRounds "11"]
[EventCountry "BRA"]
[SourceTitle "CBM 089 Extra"]
[Source "ChessBase"]
[SourceDate "2002.09.10"]
[SourceVersion "2"]
[SourceVersionDate "2002.09.10"]
[SourceQuality "1"]

1. e4 e6 2. d4 d5 3. Nc3 Nf6 4. e5 Ne4 5. Nxe4 dxe4 6. Be3 c5 7. dxc5 Nd7 8. Qg4 Nxc5 9. Ne2 Qa5+ 10. Bd2 Qb6 11. b4 Nd7 12. Qxe4 Qc7 13. f4 a5 14. c3 Be7 15. Nd4 axb4 16. cxb4 0-0 17. Bd3 g6 18. 0-0 Nb6 19. a3 Qd8 20. Rfd1 Kh8 21. Be1 Nd5 22. Nb5 Bd7 23. Nc3 Bc6 24. Nxd5 Bxd5 25. Qe2 Qb8 26. Be4 Bxe4 27. Qxe4 Rd8 28. h3 Kg7 29. Bf2 Qc7 30. Qf3 b5 31. Kh2 Rxd1 32. Rxd1 Rc8 33. Rd3 h5 34. Qd1 Qc4 35. Rd7 Qa2 36. Qf3 Bd8 37. Bc5 Qc4 38. Rd4 Qc1 39. Qb7 Rc7 40. Qxb5 Bh4 41. Qd3 Bf2 42. Qd1 Rxc5 43. bxc5 Qxc5 44. Rd3 h4 45. Kh1 Bg3 46. Rf3 Qc4 47. Qd3 Qc1+ 48. Rf1 Qb2 49. Qd8 1-0

[Event "Guanabara Quadrangular"]
[Site "Rio de Janeiro"]
[Date "1998.??.??"]
[Round "?"]
[White "Rios Filho, Hilton Carlos da Si"]
[Black "Kubrusly, Jose Cristovam"]
[Result "0-1"]
[WhiteElo "2275"]
[BlackElo "2225"]
[PlyCount "72"]
[EventDate "1998.??.??"]
[EventType "tourn"]
[EventRounds "12"]
[EventCountry "BRA"]
[EventCategory "4"]
[SourceTitle "EXT 2002"]
[Source "ChessBase"]
[SourceDate "2001.11.25"]
[SourceVersion "1"]
[SourceVersionDate "2001.11.25"]
[SourceQuality "1"]

1. c4 Nf6 2. Nf3 c5 3. Nc3 Nc6 4. d4 cxd4 5. Nxd4 g6 6. e4 d6 7. Be2 Bg7 8. Be3 0-0 9. 0-0 Nxd4 10. Bxd4 Be6 11. f4 Rc8 12. b3 Qa5 13. Rc1 a6 14. Rc2 Ne8 15. g4 f5 16. exf5 gxf5 17. g5 Bf7 18. Bf3 e5 19. Nd5 exd4 20. Ne7+ Kh8 21. Nxc8 Qc7 22. Nxd6 Nxd6 23. Re2 b5 24. cxb5 Nxb5 25. Qd2 Nc3 26. Ree1 Nd5 27. Be2 Qb6 28. Bd3 Ne3 29. Rf2 Bd5 30. h3 Ba8 31. Rc1 Qb7 32. Kh2 Rc8 33. Rg1 Rc3 34. Re1 Qc6 35. Ree2 h6 36. gxh6 Qxh6 0-1

[Event "Rio de Janeiro-ch Absoluto"]
[Site "Rio de Janeiro"]
[Date "1986.07.18"]
[Round "5"]
[White "Kubrusly, Jose Cristovam"]
[Black "Simoes, Jefferson"]
[Result "1-0"]
[WhiteElo "2124"]
[BlackElo "1730"]
[PlyCount "59"]
[EventDate "1986.07.05"]
[EventType "swiss"]
[EventRounds "7"]
[EventCountry "BRA"]
[SourceTitle "EXT 2007"]
[Source "ChessBase"]
[SourceDate "2006.11.23"]
[SourceVersion "1"]
[SourceVersionDate "2006.11.23"]
[SourceQuality "1"]

1. d4 Nf6 2. c4 g6 3. Nc3 Bg7 4. e4 d6 5. Be2 0-0 6. Bg5 h6 7. Be3 e5 8. d5 c6 9. g4 cxd5 10. cxd5 Qa5 11. f3 Ne8 12. Qd2 Kh7 13. h4 Nd7 14. Nh3 Nc5 15. Bd1 Bd7 16. a3 Qd8 17. b4 Na6 18. Rc1 Nac7 19. Be2 Rh8 20. Nf2 Bf8 21. a4 Kg7 22. f4 Be7 23. g5 h5 24. Nd3 f6 25. Rg1 fxg5 26. hxg5 Rf8 27. fxe5 dxe5 28. Nxe5 Bxb4 29. Nxd7 Qxd7 30. Qd4+ 1-0

[Event "Rio de Janeiro-ch Absoluto"]
[Site "Rio de Janeiro"]
[Date "1986.07.13"]
[Round "4"]
[White "Rosa, Carlos Roberto"]
[Black "Kubrusly, Jose Cristovam"]
[Result "1/2-1/2"]
[WhiteElo "1975"]
[BlackElo "2124"]
[PlyCount "97"]
[EventDate "1986.07.05"]
[EventType "swiss"]
[EventRounds "7"]
[EventCountry "BRA"]
[SourceTitle "EXT 2007"]
[Source "ChessBase"]
[SourceDate "2006.11.23"]
[SourceVersion "1"]
[SourceVersionDate "2006.11.23"]
[SourceQuality "1"]

1. g3 g6 2. Bg2 Bg7 3. Nf3 f5 4. d4 Nf6 5. c4 d6 6. Nc3 0-0 7. 0-0 c6 8. d5 Qe8 9. Re1 Na6 10. e4 fxe4 11. Ng5 Bg4 12. Qd2 Nc5 13. Ngxe4 Nfxe4 14. Nxe4 Nxe4 15. Bxe4 c5 16. Qc2 b5 17. Rb1 bxc4 18. Qxc4 Rb8 19. a3 Qf7 20. Qc2 Rb7 21. Be3 Bf5 22. b4 cxb4 23. Rxb4 Rc8 24. Rc4 Rcb8 25. Bxf5 Qxf5 26. Qxf5 gxf5 27. Rf4 Rf8 28. Ra4 Kf7 29. Rc1 Ra8 30. Ra5 a6 31. a4 Rb3 32. Rc6 Rd3 33. Rcxa6 Rxa6 34. Rxa6 Rxd5 35. a5 Bc3 36. Bb6 Rb5 37. Ra7 Ke8 38. Kg2 e5 39. Rxh7 Bxa5 40. Bxa5 Rxa5 41. h4 e4 42. Kf1 d5 43. Rb7 d4 44. Ke2 Ra2+ 45. Ke1 Ra1+ 46. Kd2 Ra5 47. Rb4 d3 48. Rb2 Rc5 49. f3 1/2-1/2